Business dynamics and productivity

Na minha lista:
Detalhes bibliográficos
Formato: Livro
Idioma:inglês
Publicado em: Paris OECD 2017
Assuntos:
Tags: Adicionar Tag
Sem tags, seja o primeiro a adicionar uma tag!

MARC

LEADER 00000nam a2200000 4500
001 0233530
005 20240314122746.5
020 |a 978-92-64-26922-4 
041 0 |a eng 
044 |a FR 
245 1 0 |a Business dynamics and productivity 
264 1 |a Paris  |b OECD  |c 2017 
300 |a 223 s. 
610 2 0 |a podnikanie dynamické 
610 2 0 |a prostredie podnikateľské 
610 2 0 |a tvorba práce 
610 2 0 |a miesta pracovné 
610 2 0 |a rast produktivity práce 
610 2 0 |a zamestnanosť 
610 2 0 |a akvizícia 
610 2 0 |a kríza finančná 
610 2 0 |a trh práce 
610 2 0 |a firmy 
610 2 0 |a rast podniku 
610 2 0 |a modely 
610 2 0 |a porovnanie medzinárodné